Paires de pays dont la plus longue frontière est l'une avec l'autre - Statistiques

Statistiques générales
  • Ce quiz a été pris 229 fois
  • Le résultat moyen est 45 sur 64
Statistiques - réponses
country % Correct
Canada
98%
Brésil
97%
Etats-Unis
97%
Russie
97%
Argentine
96%
Chine
96%
Chili
94%
Algérie
93%
Allemagne
89%
Congo (Rép Dém)
89%
Mongolie
89%
Kazakhstan
88%
Maroc
88%
Inde
87%
Afrique du Sud
85%
Bolivie
83%
Espagne
82%
Norvège
82%
Suède
82%
Mali
81%
Portugal
81%
Italie
79%
Tchéquie
79%
Suisse
78%
Soudan
77%
Somalie
76%
Éthiopie
75%
Mauritanie
75%
Arabie Saoudite
74%
Nigeria
72%
Turquie
72%
Angola
71%
Mozambique
69%
Botswana
68%
Soudan du Sud
67%
Costa Rica
66%
Bangladesh
64%
Irlande
64%
Panama
64%
Royaume-Uni
64%
Yémen
63%
Nicaragua
62%
Haïti
61%
Honduras
61%
Hongrie
61%
Viêt Nam
61%
Cameroun
60%
Kenya
59%
Laos
59%
République dominicaine
59%
Slovaquie
59%
Indonésie
58%
Croatie
57%
Syrie
57%
Malaisie
54%
Bosnie-Herzégovine
53%
Ouganda
51%
Togo
49%
Ghana
48%
Malawi
47%
Côte d'Ivoire
43%
Arménie
38%
Azerbaïdjan
38%
Liberia
36%
Aucun quiz correspondant
Distribution des résultats
% des personnes avec chaque résultat
Percentile par nombre de réponses
Votre historique - résultats
Vous n’avez pas pris ce quiz